| 000 | 01014nam a2200253 u 4500 | ||
|---|---|---|---|
| 001 | 000020476 | ||
| 005 | 20210713145904.0 | ||
| 008 | 100813s2015 dr 000 0 spa d | ||
| 020 | _a9789945166972 | ||
| 040 |
_aDO-SdBNP _bspa _cBNPHU |
||
| 082 |
_a614.4 _bG633m |
||
| 100 | 1 |
_aGómez Montero, Franklin J. _92149 |
|
| 245 | 1 | 0 |
_aManual de prácticas epidemiología y gestión sanitaria / _cFranklin J. Gómez Montero, César Neftali Matos Matos. |
| 260 |
_aSanto Domingo : _bBúho, _c2015. |
||
| 300 |
_a87 p. ; _c26 cm. |
||
| 500 | _aUn instrumento para la prevención y el control de enfermedades transmisibles, no transmisibles y otros eventos | ||
| 500 | _aIncluye datos biográficos del autor en la contraportada. | ||
| 590 | _aInventariado, 2018/LP | ||
| 650 | 4 |
_aEpidemiología _zRepública Dominicana _943155 |
|
| 650 | 4 |
_aEpidemiología _zManuales _943156 |
|
| 650 | 0 |
_aAdministración sanitaria _943157 |
|
| 700 | 1 |
_aMatos Matos, César Neftali _943158 |
|
| 910 | _aValidado. Control de calidad MFF | ||
| 999 |
_c19980 _d19980 |
||